Zpravodaj brigád socialistickej práce v Prešovskom kraji

Bibliographic Details
Corporate Authors: Komunistická strana Slovenska. Krajský výbor Prešov, Východoslovenské tlačiarne, n.p. (Prešov, Slovensko)
Format: Journal
Language:Slovak
PhysicalDescription:3 čís. 35 x 25 cm
Published: Prešov III. odd. KV KSS v Prešove 1960
Subjects:

MARC

LEADER 00000nas a22000001a 4500
001 vtls010300965
003 SK-MaSNL
005 20260228162909.0
008 110810d19601960xo mr p r 0 b0slo
015 |a SNBDS17XX9999 
015 |a 1981  |2 Balúnová 1945-60 
038 |a SNKBUDS 
040 |a SNK  |b slo  |c SNK  |e AACR2 
041 0 |a slo 
044 |a xo  |c SK 
080 |a 323.331  |2 2001 
080 |a 331  |2 2001 
245 0 0 |a Zpravodaj brigád socialistickej práce v Prešovskom kraji 
260 |a Prešov  |b III. odd. KV KSS v Prešove  |c 1960 
300 |a 3 čís.  |c 35 x 25 cm 
310 |a 1x mesačne 
362 0 |a Zachovali sa len 3 čísla od jan. do marca 1960  |z Citované z: Bibliografia nov. a čas. vych. na Slov. v r. 1945-60 / M. Balúnová 
500 |a Vych. v Prešove mesačne 
500 |a Red. sa neuvádza 
500 |a Vyd. III. odd. KV KSS v Prešove 
500 |a Tlač. sa neuvádza [Východoslov. tlačiarne v Prešove] 
500 |a Zachovali sa len 3 čísla od jan. do marca 1960 
505 8 0 |g Roč. 1960 3 č. po 4 s. 
650 0 7 |a brigády socialistickej práce  |2 SNKBUDS  |9 53950 
651 7 |a Prešov (Slovensko)  |2 SNKBUDS  |9 17347 
655 7 |a informačné časopisy  |2 SNKBUDS  |9 267527 
710 2 |a Komunistická strana Slovenska.  |b Krajský výbor Prešov  |9 168359 
710 2 |a Východoslovenské tlačiarne, n.p. (Prešov, Slovensko)  |9 268931 
852 |a SNK  |b 10000  |h ČSD 364 
999 |c 8516  |d 10446